Actividades prácticas para la enseñanza primaria
Salvato in:
| Autore principale: | |
|---|---|
| Natura: | Libro |
| Lingua: | spagnolo |
| Pubblicazione: |
Bogotá
Buenos Aires
1993
|
| Edizione: | 1a. ed |
| Soggetti: | |
| Tags: |
Aggiungi Tag
Nessun Tag, puoi essere il primo ad aggiungerne!!
|
MARC
| LEADER | 00000nam a2200000 a 4500 | ||
|---|---|---|---|
| 001 | UCK6219 | ||
| 003 | CL-VaPUC | ||
| 008 | 050909e19930000CK |||||||||||||||||spa|d | ||
| 020 | |a 9509841005 | ||
| 020 | |a 9509841013v.1 | ||
| 020 | |a 9509841021v.2 | ||
| 082 | 0 | 4 | |a 372.5 |b IGL |2 21 |
| 100 | 0 | |a Iglesias, Margarita |e author |9 495269 | |
| 245 | 1 | 0 | |a Actividades prácticas para la enseñanza primaria |
| 250 | |a 1a. ed | ||
| 300 | |a v | ||
| 942 | |c BK | ||
| 945 | |d 20050909 00:00:00 |a cmena | ||
| 260 | |a Bogotá |b Buenos Aires |c 1993 | ||
| 500 | |a v.1: 1§ y 2§ nivel | ||
| 500 | |a v.2: 3§ nivel | ||
| 650 | 0 | |a Métodos de enseñanza |9 270413 | |
| 650 | 0 | |a Educación básica |9 224933 | |
| 650 | 7 | |a TECNICAS MANUALES |2 CL-VaPUC |9 357145 | |
| 650 | 0 | |a Desarrollo individual |9 307875 | |
| 650 | 0 | |a Actividades sensoriomotrices |9 335908 | |
| 650 | 7 | |a HABILIDAD |2 CL-VaPUC |9 495270 | |
| 650 | 0 | |a Desarrollo motor |9 313002 | |
| 583 | |a last modification |c 20050909 00:00:00 |k Rodrigo Vera | ||
| 999 | |c 314522 |d 314520 | ||
| 952 | |0 0 |1 0 |4 0 |6 372_500000000000000_IGL_1993 |7 0 |8 A |9 386853 |a BIBEDU |b BIBEDU |d 2019-11-22 |h v.1 |i 4155483 |o 372.5 IGL 1993 |p 4155483 |r 2019-11-22 |w 2019-11-22 |y BK |k EBA | ||
| 952 | |0 0 |1 0 |4 0 |6 372_500000000000000_IGL_1993 |7 0 |8 A |9 386854 |a BIBEDU |b BIBEDU |d 2019-11-22 |h v.2 |i 4155491 |o 372.5 IGL 1993 |p 4155491 |r 2019-11-22 |w 2019-11-22 |y BK |k EBA | ||